| 000 | 01032nam a2200265Ia 4500 | ||
|---|---|---|---|
| 001 | ebr10447985 | ||
| 003 | CaPaEBR | ||
| 006 | m u | ||
| 007 | cr cn||||||||| | ||
| 008 | 060801s2010 xx a sb 001 0 eng d | ||
| 020 | _z9781608051847 (ebook) | ||
| 040 |
_aCaPaEBR _cCaPaEBR |
||
| 035 | _a(OCoLC)708569305 | ||
| 050 | 1 | 4 |
_aQP623 _b.W36 2010eb |
| 100 | 1 | _aWang, Zhiguo. | |
| 245 | 1 | 0 |
_aMicroRNAs & cardiovacular disease _h[electronic resource] / _cZhiguo Wang. |
| 260 |
_a[S.l.] : _bBentham e Books, _c[2010] |
||
| 300 |
_aii, 139 p. : _bill. |
||
| 504 | _aIncludes bibliographical references and index. | ||
| 533 |
_aElectronic reproduction. _bPalo Alto, Calif. : _cebrary, _d2011. _nAvailable via World Wide Web. _nAccess may be limited to ebrary affiliated libraries. |
||
| 650 | 0 | _aRNA. | |
| 650 | 0 |
_aCardiovascular system _xDiseases. |
|
| 655 | 7 |
_aElectronic books. _2local |
|
| 856 | 4 | 0 |
_uhttp://site.ebrary.com/lib/rucke/Doc?id=10447985 _zAn electronic book accessible through the World Wide Web; click to view |
| 999 |
_c137155 _d137155 |
||